| Tag |
First Indicator |
Second Indicator |
Subfields |
| LEADER |
00000cam a2200000 a 4500 |
| 001 |
in00003723713 |
| 005 |
20190412184929.0 |
| 006 |
m|||||o||d|||||||| |
| 007 |
cr ||||||||||| |
| 008 |
110121s1990 caua fo 000|0|eng|d |
| 020 |
|
|
|a 9781412985048 (ebook) :
|c No price
|
| 035 |
|
|
|a (StDuBDS)EDZ0000018653
|
| 040 |
|
|
|a StDuBDS
|b eng
|c StDuBDS
|e pn
|d UtOrBLW
|
| 050 |
|
4 |
|a H61.27
|
| 082 |
0 |
4 |
|a 300.72
|2 22
|
| 100 |
1 |
|
|a Weller, Susan C.
|0 http://id.loc.gov/authorities/names/n87873395
|
| 245 |
1 |
0 |
|a Metric scaling :
|b correspondence analysis /
|c Susan C. Weller, A. Kimball Romney.
|
| 264 |
|
1 |
|a Newbury Park, [Calif.] ;
|a London :
|b SAGE,
|c [1990]
|
| 264 |
|
4 |
|c ©1990
|
| 300 |
|
|
|a 1 online resource (96 pages) :
|b illustrations.
|
| 336 |
|
|
|a text
|b txt
|2 rdacontent
|
| 337 |
|
|
|a computer
|b c
|2 rdamedia
|
| 338 |
|
|
|a online resource
|b cr
|2 rdacarrier
|
| 490 |
1 |
|
|a Quantitative Applications in the Social Sciences ;
|v no. 07-075
|
| 500 |
|
|
|a "A SAGE university paper."
|
| 520 |
8 |
|
|a Three methods of metric scaling - correspondence analysis, principal components analysis and multiple dimensional preference scaling - are explored in detail for their strengths and weaknesses over a wide range of data types and research situations.
|
| 588 |
|
|
|a Description based on print version record.
|
| 504 |
|
|
|a Includes bibliographical references.
|
| 500 |
|
|
|a Electronic resource.
|
| 650 |
|
0 |
|a Scaling (Social sciences)
|0 http://id.loc.gov/authorities/subjects/sh85117919
|
| 650 |
|
0 |
|a Multidimensional scaling.
|0 http://id.loc.gov/authorities/subjects/sh85088344
|
| 655 |
|
7 |
|a Electronic books.
|2 local
|
| 700 |
1 |
|
|a Romney, A. Kimball
|q (Antone Kimball)
|0 http://id.loc.gov/authorities/names/n87873396
|
| 776 |
1 |
8 |
|i Print version :
|z 9780803937505
|
| 830 |
|
0 |
|a Quantitative applications in the social sciences ;
|v no. 07-075.
|0 http://id.loc.gov/authorities/names/n42021487
|
| 856 |
4 |
0 |
|u http://proxy.library.tamu.edu/login?url=http://methods.sagepub.com/book/metric-scaling
|z Connect to the full text of this electronic book
|t 0
|
| 999 |
f |
f |
|s 03073740-ccf0-3e25-ab69-ff8ddc00f45e
|i 128adc1a-88ab-398a-bf3f-f444eeaa0071
|t 0
|
| 952 |
f |
f |
|a Texas A&M University
|b College Station
|c Electronic Resources
|d Available Online
|t 0
|e H61.27
|h Library of Congress classification
|
| 998 |
f |
f |
|a H61.27
|t 0
|l Available Online
|